| 000 | 00424nam a22001457a 4500 | ||
|---|---|---|---|
| 003 | OSt | ||
| 005 | 20140410115028.0 | ||
| 008 | 140410s1988 sp ||||| |||| 00| 0 spa d | ||
| 020 | _a8473680618 | ||
| 040 |
_bcat _cCPC Lleida |
||
| 245 | 4 |
_aLos protagonistas de 1982 _c[Lluís Cánovas, Josep Estapé, Fernando Caralt et al.] |
|
| 260 |
_aBarcelona _bDifusora Internacional _c1988 |
||
| 300 |
_a225 p. _c29,3 cm. |
||
| 942 |
_cMON _2udc |
||
| 999 |
_c6719 _d6719 |
||